Public office, private interest: bureaucracy and corruption in India (Record no. 395542)

000 -LEADER
fixed length control field 00512cam a22001577a 4500
008 - FIXED-LENGTH DATA ELEMENTS--GENERAL INFORMATION
fixed length control field 180718b2001 xxu||||| |||| 00| 0 eng d
020 ## - INTERNATIONAL STANDARD BOOK NUMBER
International Standard Book Number 0195653823
082 ## - DEWEY DECIMAL CLASSIFICATION NUMBER
Classification number K12x54 D26p
100 ## - MAIN ENTRY--PERSONAL NAME
Personal name Das, S.K.
245 ## - TITLE STATEMENT
Title Public office, private interest: bureaucracy and corruption in India
Statement of responsibility, etc. by S.K. Das
260 ## - PUBLICATION, DISTRIBUTION, ETC.
Place of publication, distribution, etc. New Delhi
Name of publisher, distributor, etc. Oxford Univ. Press
Date of publication, distribution, etc. 2001
300 ## - PHYSICAL DESCRIPTION
Extent 252p.
650 ## - SUBJECT ADDED ENTRY--TOPICAL TERM
Topical term or geographic name entry element Interorganizational relations - India
650 ## - SUBJECT ADDED ENTRY--TOPICAL TERM
Topical term or geographic name entry element Political corruption - India
650 ## - SUBJECT ADDED ENTRY--TOPICAL TERM
Topical term or geographic name entry element Civil service - Political activity
Holdings
Withdrawn status Lost status Damaged status Not for loan Permanent Location Current Location Date acquired Full call number Barcode Date last seen Price effective from Koha item type
        Indian Institute of Public Administration Indian Institute of Public Administration 2002-07-30 K12x54 D26p 77701 2018-07-21 2018-07-21 Book
        Indian Institute of Public Administration Indian Institute of Public Administration 2001-02-05 K12x54 D26p 76303 2018-07-21 2018-07-21 Book

Powered by Koha